[Event "NOR-ch Rapid"]
[Site "Drammen"]
[Date "2023.01.07"]
[Round "1"]
[White "Tari, Aryan"]
[Black "Unhjem, Bjorn Robert Lovoll"]
[Result "1-0"]
[WhiteElo "2653"]
[BlackElo "1983"]
[PlyCount "57"]
[EventDate "2023.01.07"]
[EventType "swiss (rapid)"]
[EventRounds "10"]
[EventCountry "NOR"]
[SourceTitle "CBM 212 Extra"]
[Source "ChessBase"]
[SourceDate "2023.03.31"]
[SourceVersion "1"]
[SourceVersionDate "2023.03.31"]
[SourceQuality "1"]

1. d4 Nf6 2. Nf3 d5 3. Bf4 e6 4. e3 Bd6 5. Ne5 Nfd7 6. Bd3 Nxe5 7. dxe5 Be7 8. Qg4 Kf8 9. h4 h5 10. Qg3 c5 11. Nd2 Nc6 12. c3 a6 13. Nf3 b5 14. 0-0 Bb7 15. Rad1 Qa5 16. Bb1 b4 17. c4 dxc4 18. Nd2 Qb5 19. Ne4 Na5 20. Bg5 Bxe4 21. Bxe4 Re8 22. Bxe7+ Rxe7 23. Rd8+ Re8 24. Rfd1 g6 25. Qg5 Qb6 26. Qf6 Rg8 27. R1d7 Rg7 28. Rxe8+ Kxe8 29. Qe7# 1-0

[Event "Reykjavik Kvika op"]
[Site "Reykjavik"]
[Date "2022.04.07"]
[Round "2"]
[White "Johansson, Carl Fredrik"]
[Black "Unhjem, Bjorn Robert Lovoll"]
[Result "1-0"]
[WhiteElo "2221"]
[BlackElo "1939"]
[PlyCount "191"]
[EventDate "2022.04.06"]
[EventType "swiss"]
[EventRounds "9"]
[EventCountry "ISL"]
[SourceTitle "CBM 207 Extra"]
[Source "ChessBase"]
[SourceDate "2022.05.31"]
[SourceVersion "1"]
[SourceVersionDate "2022.05.31"]
[SourceQuality "1"]

1. d4 Nf6 2. c4 e6 3. Nc3 Bb4 4. e3 0-0 5. Bd3 c5 6. Nf3 d5 7. 0-0 cxd4 8. exd4 dxc4 9. Bxc4 Nbd7 10. Qe2 Nb6 11. Bb3 Nbd5 12. Bd2 Be7 13. Rfe1 b6 14. Ne5 Bb7 15. Rad1 Rc8 16. Qd3 Qd6 17. Qh3 Nxc3 18. bxc3 Bd5 19. Bc2 g6 20. Bh6 Rfe8 21. Bg5 Nh5 22. Bc1 Bxa2 23. g4 Nf6 24. Bg5 Rf8 25. Ra1 Bd5 26. Rxa7 Rc7 27. Rxc7 Qxc7 28. Qe3 Rc8 29. c4 Bxc4 30. Qf4 Qd8 31. Be4 Bb5 32. Rb1 Be8 33. Bb7 Nd5 34. Bxe7 Qxe7 35. Bxd5 exd5 36. Rxb6 Qa3 37. Kg2 Qe7 38. g5 Bd7 39. Rb7 Bh3+ 40. Kxh3 Qxb7 41. Ng4 Qe7 42. Nf6+ Kg7 43. Qh4 h5 44. gxh6+ Kh8 45. Qf4 Rd8 46. Ng4 Rd6 47. Kg3 f6 48. h4 Rb6 49. Qf3 Kh7 50. h5 f5 51. hxg6+ Kxg6 52. Ne5+ Kxh6 53. Qxd5 Kg7 54. Kf3 Rd6 55. Qc4 Qb7+ 56. Kg3 Qa7 57. Qc1 Qe7 58. Qf4 Qf6 59. Kf3 Qe6 60. Qg5+ Kf8 61. Qh4 Qb3+ 62. Ke2 Qb2+ 63. Ke3 Qc3+ 64. Ke2 Qc2+ 65. Ke3 Qc1+ 66. Ke2 Qb2+ 67. Ke3 Qb3+ 68. Ke2 Qg8 69. Qh5 Qe6 70. Qh8+ Ke7 71. Kd3 Qb3+ 72. Ke2 Qa2+ 73. Kf1 Qe6 74. Qg7+ Kd8 75. Nf7+ Kc7 76. Nxd6+ Kxd6 77. Qg3+ Kd7 78. Qd3 Qd5 79. Ke2 Ke6 80. Qe3+ Kf6 81. Qh6+ Kf7 82. Qh7+ Ke8 83. Qh8+ Kd7 84. Qe5 Qf7 85. Qb5+ Kc7 86. Qc5+ Kb7 87. Ke3 Qh5 88. Qe7+ Kc6 89. Qf6+ Kd7 90. Qg7+ Kd6 91. Qg3+ Kd7 92. Kf4 Kd6 93. Qa3+ Ke6 94. Qb3+ Kd6 95. Qb6+ Ke7 96. Qc5+ 1-0

[Event "Trondheim CC-ch Master"]
[Site "Trondheim"]
[Date "2020.02.24"]
[Round "5"]
[White "Botheim, Tor"]
[Black "Unhjem, Bjorn Robert Lovoll"]
[Result "0-1"]
[WhiteElo "2043"]
[BlackElo "1996"]
[PlyCount "58"]
[EventDate "2020.01.20"]
[EventType "tourn"]
[EventRounds "9"]
[EventCountry "NOR"]
[SourceTitle "EXT 2024"]
[Source "ChessBase"]
[SourceDate "2023.10.10"]
[SourceVersion "1"]
[SourceVersionDate "2023.10.10"]
[SourceQuality "1"]

1. e4 c5 2. Nf3 d6 3. d4 cxd4 4. Nxd4 Nf6 5. Nc3 g6 6. Be3 Bg7 7. f3 0-0 8. Qd2 Nc6 9. Bc4 Bd7 10. 0-0-0 Rc8 11. Bb3 Ne5 12. h4 h5 13. Bg5 Rc5 14. Kb1 b5 15. g4 hxg4 16. h5 Nxh5 17. Nd5 Re8 18. Rxh5 gxh5 19. Qh2 Rxd5 20. Bxd5 Qb6 21. Nf5 Bxf5 22. exf5 Nxf3 23. Qxh5 Nxg5 24. Qxg5 Qf2 25. Qh5 e6 26. fxe6 Kf8 27. exf7 Re2 28. Qxg4 Rxc2 29. Ka1 Rc1+ 0-1

[Event "Molde CC-ch"]
[Site "Molde"]
[Date "2020.02.07"]
[Round "3"]
[White "Unhjem, Bjorn Robert Lovoll"]
[Black "Isachsen, Harald"]
[Result "1-0"]
[WhiteElo "1839"]
[BlackElo "1693"]
[PlyCount "112"]
[EventDate "2019.01.24"]
[EventType "swiss"]
[EventRounds "7"]
[EventCountry "NOR"]
[SourceTitle "EXT 2024"]
[Source "ChessBase"]
[SourceDate "2023.10.10"]
[SourceVersion "1"]
[SourceVersionDate "2023.10.10"]
[SourceQuality "1"]

1. e4 e5 2. Nf3 Nc6 3. Bb5 a6 4. Ba4 Nf6 5. 0-0 Be7 6. d3 d6 7. c3 0-0 8. Nbd2 Bg4 9. h3 Bh5 10. Re1 Nd7 11. Nf1 Bxf3 12. Qxf3 Bg5 13. Ne3 Bxe3 14. Bxe3 Ne7 15. Bc2 Ng6 16. g3 Qf6 17. Qg4 Qe6 18. f4 Qxg4 19. hxg4 f6 20. Kf2 Kf7 21. Rh1 Rh8 22. Rh5 Ngf8 23. Rah1 Ke7 24. f5 Re8 25. R5h2 Kd8 26. Kf3 Kc8 27. g5 fxg5 28. Bxg5 h6 29. Be3 Nf6 30. g4 N8d7 31. g5 Ng8 32. Bb3 Rf8 33. Bxg8 Rhxg8 34. gxh6 gxh6 35. Rxh6 Nf6 36. Rg6 Nd7 37. Kg4 Nf6+ 38. Kg5 Nd7 39. Rh7 Nf6 40. Rhg7 Rxg7 41. Rxg7 Ne8 42. Rg6 Kd7 43. d4 Rh8 44. dxe5 dxe5 45. Re6 Rg8+ 46. Kh4 Rh8+ 47. Kg3 Rg8+ 48. Kf3 Nd6 49. Rxe5 Re8 50. Rxe8 Nxe8 51. e5 c6 52. Ke4 Nc7 53. c4 Ke7 54. Bc5+ Ke8 55. e6 b5 56. b3 a5 1-0

[Event "Trondheim CC-ch Master"]
[Site "Trondheim"]
[Date "2020.01.20"]
[Round "1"]
[White "Gamback, Bjorn"]
[Black "Unhjem, Bjorn Robert Lovoll"]
[Result "1/2-1/2"]
[WhiteElo "2122"]
[BlackElo "1996"]
[PlyCount "109"]
[EventDate "2020.01.20"]
[EventType "tourn"]
[EventRounds "9"]
[EventCountry "NOR"]
[SourceTitle "EXT 2024"]
[Source "ChessBase"]
[SourceDate "2023.10.10"]
[SourceVersion "1"]
[SourceVersionDate "2023.10.10"]
[SourceQuality "1"]

1. e4 c5 2. Nf3 d6 3. d4 cxd4 4. Nxd4 Nf6 5. Nc3 g6 6. Be3 Bg7 7. f3 0-0 8. Qd2 Nc6 9. Bc4 Bd7 10. 0-0-0 Rc8 11. Bb3 Ne5 12. Kb1 Nc4 13. Bxc4 Rxc4 14. g4 b5 15. b3 b4 16. bxc4 bxc3 17. Qxc3 Qc7 18. g5 Nh5 19. Ka1 Be6 20. Rb1 Bxc4 21. Rb4 Rc8 22. Rhb1 Be5 23. Rb7 Qc5 24. Rb8 Ba6 25. Rxc8+ Bxc8 26. Qd2 d5 27. c3 dxe4 28. f4 Bxf4 29. Bxf4 Nxf4 30. Rb8 Nd3 31. Qc2 Kg7 32. Rb5 Qc7 33. Rb1 Ba6 34. h4 Nf4 35. Qb2 e5 36. Nc2 Bd3 37. Rd1 Ng2 38. Rh1 Nf4 39. Ne3 Qc5 40. Ng4 Ne2 41. c4 Nd4 42. Ne3 a5 43. h5 gxh5 44. Qh2 Nf3 45. Nf5+ Kg6 46. Ne7+ Kg7 47. Nf5+ Kg6 48. Ne7+ Qxe7 49. Qxh5+ Kf5 50. g6+ Ng5 51. g7 Qd8 52. Qh2 Kf6 53. Qh6+ Kf5 54. Qh2 Kf6 55. Qh6+ 1/2-1/2

[Event "Skien-ch U20"]
[Site "Skien"]
[Date "2019.11.08"]
[Round "2"]
[White "Risting, Eivind Olav"]
[Black "Unhjem, Bjorn Robert Lovoll"]
[Result "1/2-1/2"]
[WhiteElo "2298"]
[BlackElo "1942"]
[PlyCount "99"]
[EventDate "2019.11.08"]
[EventType "swiss"]
[EventRounds "7"]
[EventCountry "NOR"]
[SourceTitle "CBM 193 Extra"]
[Source "ChessBase"]
[SourceDate "2020.01.31"]
[SourceVersion "1"]
[SourceVersionDate "2020.01.31"]
[SourceQuality "1"]

1. d4 d5 2. c4 e6 3. Nc3 Be7 4. Nf3 Nf6 5. Bf4 0-0 6. e3 c5 7. dxc5 Bxc5 8. Qc2 Nc6 9. a3 Qa5 10. Nd2 Qd8 11. Nb3 Bd6 12. Bg5 dxc4 13. Bxc4 Ne5 14. Be2 h6 15. h4 Be7 16. Rd1 Qc7 17. Bf4 Nd5 18. Qe4 Nxf4 19. exf4 Ng6 20. g3 Bf6 21. 0-0 Bd7 22. Nd4 a6 23. Bf3 Rab8 24. Rd2 Ne7 25. Rfd1 Rfd8 26. Bg2 Nc6 27. Nde2 Na5 28. Qb4 Bc6 29. Bxc6 Nxc6 30. Qe4 Rxd2 31. Rxd2 Rd8 32. Rxd8+ Qxd8 33. f5 exf5 34. Qxf5 Nd4 35. Nxd4 Bxd4 36. Qf3 Bxc3 37. Qxc3 Qd5 38. b4 h5 39. Kf1 g6 40. Ke2 Kf8 41. Ke3 Ke7 42. Qc7+ Ke6 43. Qb6+ Kf5 44. f3 Qb3+ 45. Kf2 Qc2+ 46. Kf1 Qd1+ 47. Kf2 Qd2+ 48. Kf1 Qd3+ 49. Kf2 Qd2+ 50. Kf1 1/2-1/2

[Event "Hell op"]
[Site "Hell"]
[Date "2019.08.06"]
[Round "5"]
[White "Fischer, Daniel1111"]
[Black "Unhjem, Bjorn Robert Lovoll"]
[Result "1-0"]
[WhiteElo "2288"]
[BlackElo "1835"]
[PlyCount "77"]
[EventDate "2019.08.03"]
[EventType "swiss"]
[EventRounds "10"]
[EventCountry "NOR"]
[SourceTitle "CBM 191 Extra"]
[Source "ChessBase"]
[SourceDate "2019.09.30"]
[SourceVersion "1"]
[SourceVersionDate "2019.09.30"]
[SourceQuality "1"]

1. e4 c5 2. Nf3 d6 3. d4 cxd4 4. Nxd4 Nf6 5. Nc3 g6 6. Be3 Bg7 7. f3 0-0 8. Qd2 Nc6 9. Bc4 Bd7 10. 0-0-0 Rc8 11. Bb3 Ne5 12. Kb1 Nc4 13. Bxc4 Rxc4 14. g4 Re8 15. h4 Qa5 16. Nb3 Qa6 17. e5 Nxg4 18. fxg4 Bxg4 19. Rdg1 dxe5 20. h5 Bf5 21. Bh6 Bf6 22. hxg6 hxg6 23. Bg5 Rg4 24. Rxg4 Bxg4 25. Nc5 Qc6 26. N5e4 Bf3 27. Rh4 Qb6 28. Bxf6 exf6 29. Qh2 Bh5 30. Nd5 Rd8 31. Nexf6+ Kf8 32. b3 Qe6 33. Qg2 Rd6 34. Kb2 b5 35. Qe4 Kg7 36. Nxh5+ gxh5 37. Ne3 Rc6 38. Rxh5 Qg6 39. Nf5+ 1-0

[Event "Bergen Grand Prix A"]
[Site "Bergen"]
[Date "2018.11.24"]
[Round "2"]
[White "Unhjem, Bjorn Robert Lovoll"]
[Black "Solberg, Joachim Krokvik"]
[Result "0-1"]
[WhiteElo "1755"]
[BlackElo "2205"]
[PlyCount "42"]
[EventDate "2018.11.23"]
[EventType "swiss"]
[EventRounds "5"]
[EventCountry "NOR"]
[SourceTitle "EXT 2024"]
[Source "ChessBase"]
[SourceDate "2023.10.10"]
[SourceVersion "1"]
[SourceVersionDate "2023.10.10"]
[SourceQuality "1"]

1. Nf3 Nf6 2. g3 g6 3. Bg2 Bg7 4. 0-0 0-0 5. c4 d6 6. Nc3 e5 7. d3 Nc6 8. Bg5 h6 9. Bd2 Be6 10. Rb1 a5 11. Qc1 Kh7 12. Rd1 Qd7 13. Ne4 Nxe4 14. dxe4 f5 15. Be3 fxe4 16. Nd2 Bg4 17. Nxe4 Bxe2 18. Rd2 Bf3 19. c5 Bxg2 20. Kxg2 d5 21. Qc2 Qf7 0-1

[Event "NOR-ch U20"]
[Site "Tromsoe"]
[Date "2016.07.16"]
[Round "9"]
[White "Unhjem, Bjorn Robert Lovoll"]
[Black "Sajjadi, Kimiya"]
[Result "0-1"]
[WhiteElo "1570"]
[BlackElo "1850"]
[PlyCount "74"]
[EventDate "2016.07.09"]
[EventType "swiss"]
[EventRounds "9"]
[EventCountry "NOR"]
[SourceTitle "EXT 2024"]
[Source "ChessBase"]
[SourceDate "2023.10.10"]
[SourceVersion "1"]
[SourceVersionDate "2023.10.10"]
[SourceQuality "1"]

1. e4 e6 2. d4 d5 3. exd5 exd5 4. c4 dxc4 5. Bxc4 Nf6 6. Nc3 Be7 7. Bf4 c6 8. Qb3 0-0 9. Nge2 Nbd7 10. h3 Nb6 11. Bd3 h6 12. 0-0 Bd6 13. Rad1 Be6 14. Qc2 Nbd5 15. Qd2 Nxf4 16. Nxf4 Bxf4 17. Qxf4 Qb8 18. Qe5 Re8 19. Ne4 Qxe5 20. dxe5 Nxe4 21. Bxe4 Bxa2 22. f4 Rad8 23. Rxd8 Rxd8 24. Ra1 Bd5 25. Bxd5 Rxd5 26. Rxa7 Rb5 27. Ra8+ Kh7 28. Re8 Rxb2 29. Re7 c5 30. Rxf7 c4 31. Rc7 b5 32. f5 Re2 33. e6 Re4 34. Re7 c3 35. f6 c2 36. Rxg7+ Kh8 37. Rc7 Rc4 0-1

[Event "NOR-ch U20"]
[Site "Tromsoe"]
[Date "2016.07.15"]
[Round "8"]
[White "Berntsen Oybo, August"]
[Black "Unhjem, Bjorn Robert Lovoll"]
[Result "1-0"]
[WhiteElo "1877"]
[BlackElo "1570"]
[PlyCount "49"]
[EventDate "2016.07.09"]
[EventType "swiss"]
[EventRounds "9"]
[EventCountry "NOR"]
[SourceTitle "EXT 2024"]
[Source "ChessBase"]
[SourceDate "2023.10.10"]
[SourceVersion "1"]
[SourceVersionDate "2023.10.10"]
[SourceQuality "1"]

1. d4 Nf6 2. Nf3 e6 3. Bg5 Be7 4. e3 0-0 5. Bd3 d5 6. Nbd2 Nbd7 7. 0-0 c5 8. c3 b6 9. Ne5 Nxe5 10. dxe5 Nd7 11. Bxe7 Qxe7 12. f4 c4 13. Bc2 Nc5 14. Qh5 Nd3 15. Nf3 h6 16. g4 Qc5 17. Nd4 f6 18. exf6 Rxf6 19. g5 Rf7 20. Bxd3 cxd3 21. gxh6 gxh6 22. Kh1 Qf8 23. Rg1+ Kh8 24. Rg6 Rf6 25. Qe5 1-0

[Event "NOR-ch U20"]
[Site "Oslo"]
[Date "2015.07.08"]
[Round "6"]
[White "Unhjem, Bjorn Robert Lovoll"]
[Black "Dahl, Trygve"]
[Result "1-0"]
[WhiteElo "1361"]
[BlackElo "1968"]
[PlyCount "199"]
[EventDate "2015.07.04"]
[EventType "swiss"]
[EventRounds "9"]
[EventCountry "NOR"]
[SourceTitle "EXT 2017"]
[Source "ChessBase"]
[SourceDate "2016.10.25"]
[SourceVersion "1"]
[SourceVersionDate "2016.10.25"]
[SourceQuality "1"]

1. e4 c5 2. Nf3 e6 3. d4 cxd4 4. Nxd4 a6 5. Nc3 Qc7 6. Be2 Bb4 7. Bd2 Nf6 8. Bf3 Nc6 9. Nxc6 bxc6 10. 0-0 Be7 11. Re1 d5 12. Bg5 h6 13. Bxf6 Bxf6 14. exd5 Bd7 15. dxe6 Bxe6 16. Bg4 0-0 17. Bxe6 fxe6 18. Rxe6 Be5 19. Qh5 Bd4 20. Re2 Rxf2 21. Rxf2 Bxf2+ 22. Kh1 Rf8 23. Rf1 Rf4 24. Qe2 Bd4 25. Qxa6 Rh4 26. Qc4+ Kh7 27. Qd3+ Kg8 28. h3 Be5 29. Qg6 Qd7 30. Qf5 Qe8 31. Rd1 Rf4 32. Qd3 Qh5 33. Rf1 Rd4 34. Qf5 Qxf5 35. Rxf5 Bd6 36. Rf1 Bb4 37. Nb1 Bd6 38. g4 Re4 39. Nd2 Re2 40. Nc4 Bc7 41. Rf3 Rxc2 42. Rc3 Re2 43. a4 c5 44. a5 Re1+ 45. Kg2 Ra1 46. Ra3 Rc1 47. Ra4 Rc2+ 48. Kf3 Rh2 49. a6 Rxh3+ 50. Ke4 Bb8 51. Ne5 Ba7 52. Nc6 Bb6 53. Ra5 Rb3 54. Ne7+ Kf7 55. Nc8 Rb4+ 56. Kd5 Bxa5 57. a7 Rxb2 58. a8Q Bb4 59. Nd6+ Kg6 60. Ne4 Rb3 61. Qe8+ Kh7 62. Qf7 Rd3+ 63. Kc6 Rd8 64. Nf6+ Kh8 65. Ne8 Bc3 66. Qf8+ Kh7 67. Kxc5 Bb2 68. Kc4 Ba1 69. Qf5+ Kh8 70. Nc7 Bf6 71. Nd5 Bh4 72. Nf4 Bf6 73. Nh5 Bh4 74. Qg6 Rc8+ 75. Kd5 Rc7 76. Nxg7 Bg5 77. Qe8+ Kh7 78. Ne6 Ra7 79. Nxg5+ hxg5 80. Qh5+ Kg8 81. Ke4 Ra4+ 82. Kd5 Ra5+ 83. Kc6 Kg7 84. Qe8 Ra6+ 85. Kd5 Ra2 86. Qe5+ Kh6 87. Ke6 Ra6+ 88. Kf5 Ra8 89. Qe6+ Kh7 90. Qf7+ Kh8 91. Qh5+ Kg7 92. Qxg5+ Kh8 93. Kf4 Ra4+ 94. Kg3 Ra3+ 95. Kh4 Ra6 96. Qe5+ Kh7 97. Qe4+ Rg6 98. Kh5 Kh8 99. Kxg6 Kg8 100. Qa8# 1-0

[Event "NOR-ch U20"]
[Site "Oslo"]
[Date "2015.07.06"]
[Round "4"]
[White "Skagen, Bjorn"]
[Black "Unhjem, Bjorn Robert Lovoll"]
[Result "0-1"]
[WhiteElo "1846"]
[BlackElo "1361"]
[PlyCount "72"]
[EventDate "2015.07.04"]
[EventType "swiss"]
[EventRounds "9"]
[EventCountry "NOR"]
[SourceTitle "EXT 2017"]
[Source "ChessBase"]
[SourceDate "2016.10.25"]
[SourceVersion "1"]
[SourceVersionDate "2016.10.25"]
[SourceQuality "1"]

1. d4 Nf6 2. c4 e6 3. g3 d5 4. Nf3 b6 5. cxd5 exd5 6. Bg2 Be7 7. 0-0 Bb7 8. Nc3 0-0 9. Bf4 a6 10. Rc1 Nbd7 11. Qc2 c5 12. dxc5 Nxc5 13. Rfd1 Qc8 14. Na4 Ncd7 15. Qxc8 Raxc8 16. Bc7 Nc5 17. Nxc5 bxc5 18. Ba5 Bd6 19. e3 Ne4 20. Nd2 Be5 21. Nxe4 dxe4 22. Bc3 Bxc3 23. Rxc3 Rfd8 24. Rcc1 Rxd1+ 25. Rxd1 f5 26. Rd7 Bc6 27. Ra7 Bb5 28. Bf1 Bd3 29. Rd7 c4 30. Bg2 Rb8 31. f3 Rxb2 32. fxe4 fxe4 33. Re7 c3 34. Bxe4 c2 35. Bd5+ Kf8 36. Rf7+ Ke8 0-1